00622nam a22002057a 450000500170000000800410001702000180005804000210007604100080009708200150010524500680012025000120018826000450020030000100024565000360025570000310029170000320032270000320035470000300038620220614132134.0220614b ||||| |||| 00| 0 eng d a9789391064440 aIN-DiNCcIN-DiNC dasm a155.4bSHI aShishu aru kaishur manobijnan/cby Daisy Rani Chutia and others a1st ed. aDibrugarh:bMahaveer publications,c2022 a178p. aChild and adolescent psychology aChutia, Daisy Ranieauthor aHatibaruah, Manchuneauthor aBorthakur, Ambalikaeauthor aBorsaikia, Merinaeauthor